00494nam a2200145Ia 4500008004100000100002100041245010900062245004000171260005900211260000900270300001000279650001800289650001500307856002600322170221s9999 xx 000 0 und d aPamela K. Morris aConceptualizing Beauty: A Content Analysis of U.S. and French Women’s Fashion Magazine Advertisements  cPamela K. Morris, Katharine Nichols bOnline Journal of Communication and Media Technologies c2016 a5 : 5 xCommunication xMedia Arts uhttp://www.ojcmt.net/